000 00747nam a2200253Ia 4500
003 OSt
005 20221005044138.0
006 a|||||r|||| 00| 0
007 ta
008 221004b |||||||| |||| 00| 0 eng d
024 _a22475
037 _cTextual
040 _aCRL
_cCRL
_beng
041 _2eng
_aeng
082 _aV2y7N19j, L9
110 _aSHASHTIPOORTHI FELICITATIONS COMMITTEE
_9592250
245 0 _aM Channa Reddy
_b Shashtipoorthi abhinandan sanchika, Jan.13, 1979
260 _aHyderabad
_bFelicitations Committee India
_c1979
300 _a184p.
_ccm.
650 _aHISTORY
700 _aSHASHTIPOORTHI FELICITATIONS COMMITTEE
_9592251
942 _hV2y7N19j, L9
_cTEXL
_2cc
999 _c952955
_d952955